| 000 | 01256nam a22002657a 4500 | ||
|---|---|---|---|
| 001 | BD-DhSAU 9454 | ||
| 003 | BD-DhSAU | ||
| 005 | 20190804102944.0 | ||
| 008 | 150613b2013 bg a|||| m||| 00| 0 eng d | ||
| 040 | _aBD-DhSAU | ||
| 082 |
_222 _a630.715 _bH7949 |
||
| 100 |
_aHossen, Md Mosharraf _eRegistration # 05-1739 |
||
| 245 |
_aAdoption of intercropping wit jackfruit by the farmers of Bhaluka upazilla under Mymenshing district / _bMS thesis _c Md Mosharraf Hossen, |
||
| 260 |
_aSher-e-Bangla Agricultural University : _bDepartment of Agricultural Extension & Information System, _c2013. |
||
| 300 |
_a84 p. : _bill. ; _c30 cm. |
||
| 500 | _aMS thesis of Department of Agricultural Extension & Information System, Faculty of Agriculture, Sher-e-Bangla Agricultural University, Dhaka, Bangladesh | ||
| 504 | _aIncludes bibliographical reference. | ||
| 590 | _aerfat | ||
| 650 | _aAgricultural Extension & Information System | ||
| 650 |
_aAdoption of intercropping wit jackfruit by the farmers _z Bhaluka upazilla under Mymenshing district |
||
| 700 |
_a Bhyiyan, Mohammad Hossain _eSuperviser |
||
| 700 |
_aUlla, Md Shadat _eCo-superviser |
||
| 856 | _uhttp://10.10.0.126:8080/xmlui/handle/123456789/2550 | ||
| 942 |
_2ddc _cTHESIS |
||
| 999 |
_c9454 _d9454 |
||